书目信息 |
| 题名: |
中国碳市场发展报告
|
|
| 作者: | 段茂盛, , 吴力波, 主编 | |
| 分册: | ||
| 出版信息: | 北京 人民出版社 2018.09 |
|
| 页数: | 258页 | |
| 开本: | 24cm | |
| 丛书名: | ||
| 单 册: | ||
| 中图分类: | X511 | |
| 科图分类: | ||
| 主题词: | 二氧化碳--er yang hua tan--排污交易--市场分析--研究报告--中国--2017 | |
| 电子资源: | ||
| ISBN: | 978-7-01-019598-8 | |
| 000 | 01298nam0 2200301 450 | |
| 001 | 202019136177 | |
| 005 | 20191026133320.0 | |
| 010 | @a978-7-01-019598-8@dCNY56.00 | |
| 100 | @a20191022d2018 em y0chiy50 ea | |
| 101 | 0 | @achi |
| 102 | @aCN@b110000 | |
| 105 | @aak a 001yy | |
| 106 | @ar | |
| 200 | 1 | @a中国碳市场发展报告@Azhong guo tan shi chang fa zhan bao gao@e从试点走向全国@f段茂盛, 吴力波主编 |
| 210 | @a北京@c人民出版社@d2018.09 | |
| 215 | @a258页@c图@d24cm | |
| 312 | @a英文题名取自封面 | |
| 314 | @a段茂盛, 清华大学核能与新能源技术研究院研究员等职。吴力波, 复旦大学经济学院教授等职。 | |
| 320 | @a有书目和索引 | |
| 330 | @a本研究报告汇集了国内低碳领域权威专家的研究成果, 通过总结提炼国内部分省市碳交易试点制度设计与市场运行特征, 以获取对全国碳市场建设的启示, 在分析全国碳市场建设规划的推进现状的基础上, 研究未来全国碳市场发展方向, 以推动区域性碳排放权交易体系向全国碳排放权交易市场顺利过渡。 | |
| 510 | 1 | @aChinese carbon market@zeng |
| 517 | 1 | @a从试点走向全国@Acong shi dian zou xiang quan guo |
| 606 | 0 | @a二氧化碳@Aer yang hua tan@x排污交易@x市场分析@x研究报告@y中国@z2017 |
| 690 | @aX511@v5 | |
| 701 | 0 | @a段茂盛,@Aduan mao sheng@f1973-@4主编 |
| 701 | 0 | @a吴力波,@Awu li bo@f1974-@4主编 |
| 801 | 0 | @aCN@c20190905 |
| 905 | @a河南城建学院图书馆@dX511@eD928 | |
| 中国碳市场发展报告:从试点走向全国/段茂盛, 吴力波主编.-北京:人民出版社,2018.09 |
| 258页:图;24cm |
| ISBN 978-7-01-019598-8:CNY56.00 |
| 本研究报告汇集了国内低碳领域权威专家的研究成果, 通过总结提炼国内部分省市碳交易试点制度设计与市场运行特征, 以获取对全国碳市场建设的启示, 在分析全国碳市场建设规划的推进现状的基础上, 研究未来全国碳市场发展方向, 以推动区域性碳排放权交易体系向全国碳排放权交易市场顺利过渡。 |
| ● |
| 相关链接 |
|
|
|
正题名:中国碳市场发展报告
索取号:X511/D928
 
预约/预借
| 序号 | 登录号 | 条形码 | 馆藏地/架位号 | 状态 | 备注 |
| 1 | 1445075 | 214450752 | 自科库501/501自科库 99排1列6层/ [索取号:X511/D928] | 在馆 | |
| 2 | 1445076 | 214450761 | 期刊室512/501自科库 99排1列6层/ [索取号:X511/D928] | 在馆 |